| 000 | 01627 a2200229 4500 | ||
|---|---|---|---|
| 001 | 29437 | ||
| 005 | 20260407155604.0 | ||
| 008 | 260407a1995 arg spa d | ||
| 003 | AR-UNSa-BCEJYS | ||
| 040 |
_aAR-UNSa-BCEJYS _bspa _cAR-UNSa-BCEJYS |
||
| 080 |
_a336.225 _xMétodo de tributación y administración de impuestos |
||
| 245 | 1 | 0 | _aNociones de Derecho Procesal Civil y Administrativo |
| 020 | _a950-811-025-2 | ||
| 264 | 1 |
_aBuenos Aires : _bEdiciones Nueva Técnica _c1995 |
|
| 300 |
_a74 p. _c28 cm. |
||
| 505 | _aModulo I: Nociones de derecho procesal civil : 1. Proceso - 2. Naturaleza jurídica - 3. Clases de procesos - 4. Principios procesales - 5. Jurisdicción y competencia - 6. Proceso contencioso - Modulo II: Nociones de procedimiento administrativo: 1. Procesos contenciosos administrativo y judicial.Proceso asministrativo - 2. Procedimientos administrativos - 3. Principios generales del procedimiento administrativo - 4. Acto administrativo - 5. Recursos administrativos - 6. Impuganación judicial de actos administrativos - Modulo III: Ley de procedimiento tributario: 1. Autonomía del derecho tributario - 2. Codificación limitada - Modulo IV: Dirección General Impositiva: 1. Carácter - 2. Superintendencia - 3. Competencia - 4. Funcionario a cargo:Director general - Modulo V: Interpretación de las leyes tributarias: 1. Concepto - 2. Métodos de interpretación - 3. Apreciación del hecho imponible:Principio de la realidad económica | ||
| 041 | _aspa | ||
| 942 | _cBK | ||
| 590 | _aniveau_biblio:m niveau_hierar:0 | ||
| 100 | 1 | _aGomez, Oscar Daniel | |
| 700 | 1 | _aRofrano, Omar Angel | |
| 999 |
_c1862 _d1862 |
||